Formula 1 drivers as teammates - Statistics

General Stats
  • This quiz has been taken 1,096 times
    235 since last reset
  • The average score is 41 of 52
Answer Stats
GPs Team(s) Drivers % Correct
100 Mercedes Lewis Hamilton
98%
78 Mercedes Lewis Hamilton
98%
68 Mercedes Lewis Hamilton
98%
58 McLaren Lewis Hamilton
98%
90 Red Bull Max Verstappen
97%
58 Red Bull Max Verstappen
97%
77 Ferrari Fernando Alonso
96%
69 Aston Martin Fernando Alonso
96%
104 Ferrari Michael Schumacher
95%
59 Ferrari Michael Schumacher
95%
58 Mercedes Michael Schumacher
95%
94 Red Bull Sebastian Vettel
95%
81 Ferrari Sebastian Vettel
95%
61 Williams Ralf Schumacher
94%
100 Mercedes Valtteri Bottas
94%
68 Alfa Romeo & Sauber Valtteri Bottas
94%
58 Williams Valtteri Bottas
94%
89 Ferrari Carlos Sainz
92%
89 Ferrari Charles Leclerc
91%
81 Ferrari Kimi Räikkönen
91%
58 Alfa Romeo Kimi Räikkönen
91%
69 Aston Martin Lance Stroll
90%
78 Mercedes Nico Rosberg
90%
58 Mercedes Nico Rosberg
90%
90 Red Bull Sergio Perez
90%
60 Force India & Racing Point Sergio Perez
90%
58 Red Bull Daniel Ricciardo
89%
71 McLaren Lando Norris
89%
68 Mercedes George Russell
88%
94 Red Bull Mark Webber
88%
71 McLaren Oscar Piastri
88%
70 Honda & Brawn GP Jenson Button
86%
58 McLaren Jenson Button
86%
77 Haas Kevin Magnussen
81%
77 Ferrari Felipe Massa
77%
58 Williams Felipe Massa
77%
104 Ferrari Rubens Barrichello
77%
70 Honda & Brawn GP Rubens Barrichello
77%
60 Force India & Racing Point Nico Hülkenberg
76%
77 Haas Romain Grosjean
71%
99 McLaren Mika Häkkinen
70%
68 Alfa Romeo & Sauber Zhou Guanyu
67%
99 McLaren David Coulthard
62%
59 Ferrari Eddie Irvine
57%
58 Alfa Romeo Antonio Giovinazzi
56%
61 Williams Juan-Pablo Montoya
50%
77 Ferrari & Benetton Jean Alesi
41%
61 Lotus Nigel Mansell
41%
77 Ferrari & Benetton Gerhard Berger
39%
61 Lotus Elio de Angelis
20%
62 March & Leyton House Ivan Capelli
14%
62 March & Leyton House Mauricio Gugelmin
14%
No matching quizzes found
Score Distribution
Percent of People with Each Score
Percentile by Number Answered
Your Score History
You have not taken this quiz since the last reset